000 00545cam a2200205ua 4500
001 6081
008 131119n ii |||gr||||Z||||||eng
020 _a81-7096-599-3
040 _cMAIN
082 _a657.046
245 _aPractical Problems in Advanced Accounting
_cBy S.P. Jain
250 _a6th rev. & enlarged ed.
260 _aNew Delhi:
_bKalyani Publishers,
_c1995.
300 _aviii,136p.
653 _aCommerce
653 _aAdvanced Accounting
700 _aJain,S.P.,
_eAuthor.,
700 _aNarang,K.L.,
_eAuthor.
942 _cBK
999 _c5234
_d5234